Heat thermodynamics and statistical physics : (Record no. 4433)
[ view plain ]
| 000 -LEADER | |
|---|---|
| fixed length control field | 00834nam a22002537a 4500 |
| 001 - CONTROL NUMBER | |
| control field | 18640 |
| 003 - CONTROL NUMBER IDENTIFIER | |
| control field | BD-DhUAP |
| 005 - DATE AND TIME OF LATEST TRANSACTION | |
| control field | 20201117130740.0 |
| 008 - FIXED-LENGTH DATA ELEMENTS--GENERAL INFORMATION | |
| fixed length control field | 201110r20122010ii aa b 011 0engg d |
| 020 ## - INTERNATIONAL STANDARD BOOK NUMBER | |
| International Standard Book Number | 8121928133 |
| 040 ## - CATALOGING SOURCE | |
| Original cataloging agency | DLC |
| Transcribing agency | DLC |
| Modifying agency | BD-DhUAP |
| Language of cataloging | Eng |
| 082 00 - DEWEY DECIMAL CLASSIFICATION NUMBER | |
| Edition number | 23 |
| Classification number | 536.7 LAL |
| 100 1# - MAIN ENTRY--PERSONAL NAME | |
| Personal name | Lal, Brij. |
| 9 (RLIN) | 20739 |
| 245 10 - TITLE STATEMENT | |
| Title | Heat thermodynamics and statistical physics : |
| Remainder of title | for B. Sc. Classes as per UGC Model Syllabus / |
| Statement of responsibility, etc. | Brij Lal, N. Subrahmanyam and revised by P. S. Hemne. |
| 250 ## - EDITION STATEMENT | |
| Edition statement | rev. ed. |
| 260 ## - PUBLICATION, DISTRIBUTION, ETC. | |
| Place of publication, distribution, etc. | New Delhi : |
| Name of publisher, distributor, etc. | S.Chand & Company Ltd., |
| Date of publication, distribution, etc. | c2010 [Reprinted 2015]. |
| 300 ## - PHYSICAL DESCRIPTION | |
| Extent | xix, 665 pages : |
| Other physical details | illustrations ; |
| Dimensions | 24 cm. |
| 500 ## - GENERAL NOTE | |
| General note | Includes index. |
| 650 ## - SUBJECT ADDED ENTRY--TOPICAL TERM | |
| Topical term or geographic name entry element | Thermodynamics |
| 650 ## - SUBJECT ADDED ENTRY--TOPICAL TERM | |
| Topical term or geographic name entry element | Heat. |
| 700 1# - ADDED ENTRY--PERSONAL NAME | |
| Personal name | Subrahmanyam, N. |
| 9 (RLIN) | 20741 |
| 942 ## - ADDED ENTRY ELEMENTS (KOHA) | |
| Source of classification or shelving scheme | |
| Koha item type | Book |
| Withdrawn status | Lost status | Source of classification or shelving scheme | Damaged status | Not for loan | Permanent Location | Current Location | Shelving location | Date acquired | Total Checkouts | Total Renewals | Full call number | Barcode | Date last seen | Date last checked out | Copy number | Price effective from | Koha item type | Date due | Cost, replacement price |
|---|---|---|---|---|---|---|---|---|---|---|---|---|---|---|---|---|---|---|---|
| UAP Central Library | UAP Central Library | General Stacks | 2020-11-10 | 8 | 4 | 536.7 LAL | 3010018640 | 2025-03-20 | 2025-02-20 | 1 | 2020-11-10 | Book | |||||||
| UAP Central Library | UAP Central Library | General Stacks | 2020-11-10 | 536.7 LAL | 3010018643 | 2020-11-10 | 2 | 2020-11-10 | Book | ||||||||||
| UAP Central Library | UAP Central Library | General Stacks | 2020-11-10 | 7 | 4 | 536.7 LAL | 3010018642 | 2023-02-23 | 2023-02-23 | 3 | 2020-11-10 | Book | 2023-03-09 | ||||||
| UAP Central Library | UAP Central Library | General Stacks | 2020-11-10 | 12 | 3 | 536.7 LAL | 3010018639 | 2026-02-26 | 2026-02-22 | 4 | 2020-11-10 | Book | |||||||
| UAP Central Library | UAP Central Library | General Stacks | 2020-11-10 | 13 | 4 | 536.7 LAL | 3010018641 | 2025-04-16 | 2025-03-03 | 5 | 2020-11-10 | Book | |||||||
| UAP Central Library | UAP Central Library | General Stacks | 2020-11-10 | 10 | 8 | 536.7 LAL | 3010005880 | 2025-04-06 | 2025-02-09 | 6 | 2020-11-10 | Book | |||||||
| UAP Central Library | UAP Central Library | General Stacks | 2024-12-15 | 1 | 1 | 536.7 LAL | 3010022495 | 2025-03-02 | 2025-02-02 | 7 | 2024-12-15 | Book | 1095.00 | ||||||
| UAP Central Library | UAP Central Library | General Stacks | 2024-12-15 | 2 | 536.7 LAL | 3010022496 | 2025-08-11 | 2025-07-23 | 8 | 2024-12-15 | Book | 1095.00 | |||||||
| UAP Central Library | UAP Central Library | General Stacks | 2024-12-15 | 3 | 536.7 LAL | 3010022497 | 2025-07-28 | 2025-07-28 | 9 | 2024-12-15 | Book | 2025-08-11 | 1095.00 | ||||||
| UAP Central Library | UAP Central Library | General Stacks | 2024-12-15 | 1 | 536.7 LAL | 3010022498 | 2025-02-19 | 2025-02-05 | 10 | 2024-12-15 | Book | 1095.00 | |||||||
| UAP Central Library | UAP Central Library | General Stacks | 2024-12-15 | 2 | 536.7 LAL | 3010022499 | 2025-03-20 | 2025-03-05 | 11 | 2024-12-15 | Book | 1095.00 | |||||||
| UAP Central Library | UAP Central Library | General Stacks | 2024-12-15 | 536.7 LAL | 3010022500 | 2024-12-15 | 12 | 2024-12-15 | Book | 1095.00 | |||||||||
| UAP Central Library | UAP Central Library | General Stacks | 2024-12-15 | 536.7 LAL | 3010022501 | 2024-12-15 | 13 | 2024-12-15 | Book | ||||||||||
| UAP Central Library | UAP Central Library | General Stacks | 2024-12-15 | 536.7 LAL | 3010022502 | 2024-12-15 | 14 | 2024-12-15 | Book | 1095.00 | |||||||||
| UAP Central Library | UAP Central Library | General Stacks | 2024-12-15 | 536.7 LAL | 3010022503 | 2024-12-15 | 15 | 2024-12-15 | Book | 1095.00 | |||||||||
| UAP Central Library | UAP Central Library | General Stacks | 2024-12-15 | 536.7 LAL | 3010022504 | 2024-12-15 | 16 | 2024-12-15 | Book | 1095.00 |
Bengali Keyboard